| 000 | 00987nam a2200265Ia 4500 | ||
|---|---|---|---|
| 003 | OSt | ||
| 005 | 20221005104423.0 | ||
| 006 | a|||||r|||| 00| 0 | ||
| 007 | ta | ||
| 008 | 221004b |||||||| |||| 00| 0 hin d | ||
| 020 | _a812631141X (hbk) | ||
| 024 | _a26468 | ||
| 037 |
_bGift, 06/05/2016, _cTextual |
||
| 040 |
_aCRL _cCRL _bhin |
||
| 041 |
_2hin _ahin |
||
| 082 | _aO152:g, P5 | ||
| 100 | _aइस्सर, देवेन्द्र | ||
| 245 | 0 |
_aसाहित्य और स्वतन्त्रता _b प्रश्न - प्रतिप्रश्न |
|
| 246 | _aSāhitya aur svatantratā: prashna - pratiprashna | ||
| 260 |
_aदिल्ली _bभारतीय ज्ञानपीठ भारत _c2005 |
||
| 300 |
_a191पृ0 _ccm. |
||
| 650 | _aहिन्दी साहित्य | ||
| 942 |
_hO152:g, P5 _cTEXL _2cc |
||
| 999 |
_c1012667 _d1012667 |
||